A列車で行こう3DNEO 公式シナリオ - Statistics

General Stats
  • This quiz has been taken 25 times
  • The average score is 11 of 20
Answer Stats
Answer % Correct
A列車で行こう
100%
黒いダイヤの復活
86%
湖水に映る街
81%
新都心構想
76%
循環する都市
71%
トンネルを抜けると
71%
パークアンドライド
67%
古びた煙突
62%
未来への架け橋
62%
たそがれの離島
57%
いくつもの河を越えて
57%
未来へ続く軌跡
52%
鬼ヶ島ニュータウン
48%
風光明媚な温泉街
38%
第三の道のり
33%
港町の産業構造改革
33%
企業倒産のつめあと
29%
萌ゆる渓谷の向こうに
24%
水と絶壁の間で
19%
モォ~んだいのある街
19%
No matching quizzes found
Score Distribution
Percent of People with Each Score
Percentile by Number Answered
Your Score History
You have not taken this quiz